000 01358nam a22003377a 4500
001 T0000021
003 KOHA_MİRAKIL
005 20260207004504.0
007 ta
008 190402b2011 xx |||grm|||#0|||0|tur |
040 _aTR-BiSEU
_btur
_cTR-BiSEU
_erda
041 0 _atur
050 0 0 _aTez
_b21
100 1 _aMinaz, Mehmet Recep.
245 1 _aBilecik ilinin uyarlanır sinir bulanık çıkarım sistemi ile basınç, sıcaklık ve rüzgar hızı tahmini/
_cMehmet Recep Minaz ; Mehmet Recep Minaz; danışman Ayhan Gün.
264 1 _aBilecik :
_bBilecik Üniversitesi
_c2011
300 _aXIII, 60 sayfa: grafik; 30 cm.+1 CD-ROM
336 _ametin
_btxt
_2rdacontent
337 _aaracısız
_bn
_2rdamedia
338 _acilt
_bnc
_2rdacarrier
500 _aRer. No; 410564
500 _aKaynakça var.
500 _aİngilizce Eser Adı: Estimation of pressure, temperature and wind speed of Bilecik using adaptive neuro-fuzzy inference system
502 _aTez (Yüksek Lisans) -- Bilecik Üniversitesi Fen Bilimleri Enstitüsü Elektrik-Elektronik Mühendisliği Anabilim Dalı, Bilecik, .
650 0 _aRegresyon--Basınç.
_9118841
650 0 _aSıcaklık--Rüzgar hızı.
_9118842
650 0 _aRegression--Pressure.
_9118843
650 0 _aTemperature--Wind speed.
_9118844
856 4 0 _uhttp://acikkaynak.bilecik.edu.tr/xmlui/handle/11552/87
907 _aYüksek Lisans
942 _2lcc
_cTS
999 _c64572
_d64572